000 00232nam a22001097a 4500
003 OSt
008 231114b |||||||| |||| 00| 0 eng d
041 _amal
100 _aVarkey, Muttathu
_95612
245 _aThekkan kattu
942 _cBK
999 _c17827
_d17827